书目信息 |
| 题名: |
智能小区与智能住宅
|
|
| 作者: | 陆伟良 编 | |
| 分册: | ||
| 出版信息: | 北京 高等教育出版社 2000.05 |
|
| 页数: | 158页 | |
| 开本: | 26cm | |
| 丛书名: | ||
| 单 册: | ||
| 中图分类: | TU241 | |
| 科图分类: | ||
| 主题词: | 民用建筑--建筑设计 | |
| 电子资源: | ||
| ISBN: | 7-04-008168-7 | |
| 000 | 00576nam0 2200193 45 | |
| 001 | 0237246632 | |
| 005 | 2002061110204536 | |
| 010 | @a7-04-008168-7@dRMB 12.70 | |
| 100 | @a20020611d2000 km y0chiy0120 ea | |
| 101 | 0 | @achi |
| 102 | @aCN@b110000 | |
| 200 | 1 | @a智能小区与智能住宅@AZhi Neng Xiao Qu Yu Zhi Neng Zhu Zhai@f陆伟良等编@Flu wei liang deng bian |
| 210 | @a北京@c高等教育出版社@d2000.05 | |
| 215 | @a158页@d26cm | |
| 606 | 0 | @a民用建筑@x建筑设计 |
| 690 | @aTU241@v3 | |
| 701 | 0 | @a陆伟良@Alu wei liang@4编 |
| 801 | 0 | @aCN@bPFT@c20020611 |
| 905 | @a安徽大学@dTU241@eL850 | |
| 智能小区与智能住宅/陆伟良等编.-北京:高等教育出版社,2000.05 |
| 158页;26cm |
| ISBN 7-04-008168-7:RMB 12.70 |
| ● |
| 相关链接 |
|
|
|
正题名:智能小区与智能住宅
索取号:TU241/L850
 
预约/预借
| 序号 | 登录号 | 条形码 | 馆藏地/架位号 | 状态 | 备注 |
| 1 | 363077 | 203630776 | 建筑库101/101建筑库 58排6列1层/ [索取号:TU241/L850] | 在馆 | |
| 2 | 363078 | 203630785 | 建筑与城市规划学院资料室/101建筑库 31排1列3层/ [索取号:TU241/L850] | 在馆 | |
| 3 | 363079 | 203630794 | 建筑库101/101建筑库 58排6列1层/ [索取号:TU241/L850] | 在馆 |